[Event "Sao Paulo op-A U2300 4th"]
[Site "Sao Paulo"]
[Date "2016.03.25"]
[Round "3"]
[White "Bouwman, Marcelo Wanderley"]
[Black "Montufar Berrios, Lesly Viviane"]
[Result "1/2-1/2"]
[WhiteElo "2226"]
[BlackElo "1897"]
[PlyCount "142"]
[EventDate "2016.03.24"]
[EventType "swiss"]
[EventRounds "7"]
[EventCountry "BRA"]
[SourceTitle "CBM 171 Extra"]
[Source "ChessBase"]
[SourceDate "2016.04.26"]
[SourceVersion "1"]
[SourceVersionDate "2016.04.26"]
[SourceQuality "1"]

1. e4 c5 2. Nf3 d6 3. d4 cxd4 4. Nxd4 Nf6 5. Nc3 a6 6. Be2 e5 7. Nb3 Be6 8. 0-0 Be7 9. Be3 0-0 10. Qd2 d5 11. exd5 Nxd5 12. Nxd5 Qxd5 13. Rfd1 Rd8 14. Qc3 Qc6 15. Qxe5 Qxc2 16. Bd4 Bf6 17. Qe3 Nd7 18. Rac1 Qg6 19. Bf3 Bg5 20. Qe2 Bxc1 21. Nxc1 Re8 22. Be3 Rab8 23. Qf1 Ne5 24. Be2 Bg4 25. Bf4 Bxe2 26. Nxe2 Rbc8 27. Nc3 Qg4 28. Bg3 Qc4 29. Bxe5 Qxf1+ 30. Kxf1 Rxe5 31. Rd7 b5 32. f4 Re6 33. a3 Kf8 34. Kf2 Ke8 35. Ra7 Rd8 36. f5 Rd2+ 37. Kf3 Rh6 38. Ra8+ Rd8 39. Ra7 Rd3+ 40. Kf4 Rd7 41. Ra8+ Rd8 42. Ra7 Rxh2 43. Rxa6 Rxg2 44. b4 h5 45. Nxb5 h4 46. Nd6+ Ke7 47. f6+ Kf8 48. fxg7+ Kg8 49. Nf5 h3 50. Rh6 Rf2+ 51. Kg4 Rxf5 52. Kxf5 Rd3 53. Kg4 Rxa3 54. Rxh3 Ra4 55. Rb3 Kxg7 56. Kf5 Ra6 57. b5 Rb6 58. Ke5 Kf8 59. Kd5 Ke7 60. Kc5 Rb8 61. Kc6 f5 62. Kc7 Rh8 63. b6 Ke6 64. b7 Ke5 65. Kc6 Ke4 66. b8Q Rxb8 67. Rxb8 f4 68. Re8+ Kd3 69. Kd5 f3 70. Rf8 Ke2 71. Re8+ Kd3 1/2-1/2

[Event "Sao Paulo op-A U2300 4th"]
[Site "Sao Paulo"]
[Date "2016.03.25"]
[Round "2"]
[White "Montufar Berrios, Lesly Viviane"]
[Black "Martins, George Evandro Barr"]
[Result "1/2-1/2"]
[WhiteElo "1897"]
[BlackElo "2148"]
[PlyCount "84"]
[EventDate "2016.03.24"]
[EventType "swiss"]
[EventRounds "7"]
[EventCountry "BRA"]
[SourceTitle "CBM 171 Extra"]
[Source "ChessBase"]
[SourceDate "2016.04.26"]
[SourceVersion "1"]
[SourceVersionDate "2016.04.26"]
[SourceQuality "1"]

1. e4 d5 2. exd5 Nf6 3. Bb5+ Nbd7 4. c4 a6 5. Ba4 b5 6. cxb5 Nxd5 7. Ne2 e6 8. 0-0 Be7 9. Nbc3 N7b6 10. Bc2 axb5 11. Nxb5 Ba6 12. Nbc3 0-0 13. d4 Nf6 14. Re1 Qb8 15. Bg5 Rd8 16. Ne4 Nbd5 17. Nxf6+ Bxf6 18. Bxf6 Nxf6 19. Qc1 Bxe2 20. Rxe2 Rxd4 21. Bb3 Qb7 22. h3 Rad8 23. Qc2 R8d7 24. Rc1 Qa7 25. Qc6 R4d6 26. Qc4 Rd4 27. Qc5 Qxc5 28. Rxc5 Ne4 29. Rc4 Rxc4 30. Bxc4 Nd6 31. Rc2 Kf8 32. Bb3 e5 33. a4 Nb7 34. Bc4 c6 35. Ba6 Nd8 36. Be2 Ra7 37. b3 Ke7 38. Kf1 Kd6 39. Bg4 Re7 40. Ke1 g6 41. Rd2+ Kc7 42. Ke2 Ne6 1/2-1/2

[Event "South America-ch U16 Girls 12th"]
[Site "Santa Cruz"]
[Date "2015.12.06"]
[Round "8"]
[White "Romero Dongo, Antonella"]
[Black "Montufar Berrios, Lesly Viviane"]
[Result "1/2-1/2"]
[WhiteElo "1717"]
[BlackElo "1897"]
[PlyCount "54"]
[EventDate "2015.12.02"]
[EventType "swiss"]
[EventRounds "9"]
[EventCountry "BOL"]
[SourceTitle "CBM 170 Extra"]
[Source "ChessBase"]
[SourceDate "2016.02.25"]
[SourceVersion "1"]
[SourceVersionDate "2016.02.25"]
[SourceQuality "1"]

1. e4 c5 2. Nf3 d6 3. d4 cxd4 4. Qxd4 Nc6 5. Bb5 Bd7 6. Bxc6 Bxc6 7. Nc3 Nf6 8. Bg5 e5 9. Qd3 h6 10. Bxf6 Qxf6 11. 0-0-0 Be7 12. Nd5 Bxd5 13. Qxd5 0-0 14. Kb1 Rab8 15. Rhe1 b5 16. Re3 Rfc8 17. Qd2 Bf8 18. Rc3 Qg6 19. Re3 Qxg2 20. Rg1 Qh3 21. Rg3 Qh5 22. Rg2 Rc4 23. b3 Rc5 24. Ng1 Qh4 25. Nf3 Qh5 26. Ng1 Qh4 27. Nf3 Qh5 1/2-1/2

[Event "South America-ch U16 Girls 12th"]
[Site "Santa Cruz"]
[Date "2015.12.06"]
[Round "7"]
[White "Strgacich, Aylen"]
[Black "Montufar Berrios, Lesly Viviane"]
[Result "1/2-1/2"]
[WhiteElo "1926"]
[BlackElo "1897"]
[PlyCount "53"]
[EventDate "2015.12.02"]
[EventType "swiss"]
[EventRounds "9"]
[EventCountry "BOL"]
[SourceTitle "CBM 170 Extra"]
[Source "ChessBase"]
[SourceDate "2016.02.25"]
[SourceVersion "1"]
[SourceVersionDate "2016.02.25"]
[SourceQuality "1"]

1. d4 Nf6 2. c4 g6 3. Nc3 Bg7 4. Nf3 0-0 5. g3 d6 6. Bg2 Nbd7 7. 0-0 e5 8. e4 exd4 9. Nxd4 a6 10. f4 Re8 11. Re1 Nc5 12. Nc2 Bg4 13. Qd2 Rb8 14. Rb1 b5 15. b4 Ncd7 16. cxb5 axb5 17. Kh1 Qc8 18. Nd4 c6 19. h3 Be6 20. Nxe6 Rxe6 21. Bb2 Nb6 22. Bf1 Qe8 23. Qc2 Rb7 24. g4 Rbe7 25. f5 gxf5 26. gxf5 Re5 27. Qg2 1/2-1/2

[Event "Goiania-ch U20 Girls"]
[Site "Goiania"]
[Date "2015.10.12"]
[Round "7.1"]
[White "Montufar Berrios, Lesly Viviane"]
[Black "Di Simoni, Rafaela Moura"]
[Result "1-0"]
[WhiteElo "1943"]
[BlackElo "1473"]
[PlyCount "119"]
[EventDate "2015.10.09"]
[EventType "swiss"]
[EventRounds "7"]
[EventCountry "BRA"]
[SourceTitle "EXT 2022"]
[Source "ChessBase"]
[SourceDate "2021.10.06"]
[SourceVersion "1"]
[SourceVersionDate "2021.10.06"]
[SourceQuality "1"]

1. e4 c5 2. Nf3 d6 3. Bb5+ Bd7 4. Bxd7+ Nxd7 5. 0-0 Ngf6 6. Qe2 e6 7. c3 Nb6 8. d4 cxd4 9. cxd4 d5 10. e5 Nfd7 11. Nc3 Be7 12. h3 Nb8 13. Nh2 Nc6 14. Be3 f6 15. Qg4 Kf7 16. f4 f5 17. Qe2 Qc7 18. Nf3 a6 19. Ng5+ Bxg5 20. fxg5 g6 21. g4 Nc4 22. gxf5 gxf5 23. Bf2 Rab8 24. b3 Nb6 25. Qh5+ Ke7 26. Qh6 Rbg8 27. Qf6+ Kd7 28. Rac1 Qd8 29. Be3 Rg6 30. Qxd8+ Rxd8 31. Ne2 Rc8 32. h4 Ne7 33. Nf4 Rgg8 34. Nh5 Rg6 35. Nf6+ Kd8 36. Rxc8+ Kxc8 37. Nxh7 Nd7 38. Nf6 Kd8 39. h5 Rg7 40. g6 Nxg6 41. hxg6 Rxg6+ 42. Kh2 Nxf6 43. exf6 Kd7 44. Bf4 Rxf6 45. Rc1 Rf7 46. Rc7+ Ke8 47. Rc8+ Kd7 48. Rc7+ Ke8 49. Kg3 Rxc7 50. Bxc7 Kd7 51. Bb8 Ke7 52. Kf4 Kd7 53. Ke5 Ke7 54. Bd6+ Kd7 55. Bc5 a5 56. a4 Kc6 57. Kxe6 f4 58. Bd6 f3 59. Bg3 b5 60. Ke5 1-0

[Event "Goiania-ch U20 Girls"]
[Site "Goiania"]
[Date "2015.10.10"]
[Round "3.3"]
[White "Montufar Berrios, Lesly Viviane"]
[Black "Montufar Berrios, Eymi Priscila"]
[Result "1/2-1/2"]
[WhiteElo "1943"]
[BlackElo "1664"]
[PlyCount "82"]
[EventDate "2015.10.09"]
[EventType "swiss"]
[EventRounds "7"]
[EventCountry "BRA"]
[SourceTitle "EXT 2022"]
[Source "ChessBase"]
[SourceDate "2021.10.06"]
[SourceVersion "1"]
[SourceVersionDate "2021.10.06"]
[SourceQuality "1"]

1. e4 c5 2. Nf3 d6 3. Bb5+ Bd7 4. Bxd7+ Nxd7 5. 0-0 Ngf6 6. Qe2 e6 7. Rd1 Be7 8. d4 cxd4 9. Rxd4 Qc7 10. c4 0-0 11. Nc3 a6 12. b3 Rac8 13. Bb2 Rfd8 14. Rad1 Nb6 15. h3 Qc5 16. Nh2 Qg5 17. Ba3 Ne8 18. R4d3 Qa5 19. Bb2 Nf6 20. Ng4 Nxg4 21. Qxg4 e5 22. Bc1 Bf8 23. Bg5 Re8 24. Bd2 Qc5 25. Be3 Qc6 26. Bxb6 Qxb6 27. Nd5 Qd8 28. Ne3 Qf6 29. Nf5 Red8 30. Rf3 Qe6 31. Rfd3 Rc6 32. Qe2 Kh8 33. Qe3 g6 34. Nh4 Bg7 35. Qa7 Qe7 36. Nf3 Bh6 37. Nh2 Qe8 38. Qxb7 Rb8 39. Qa7 Ra8 40. Qb7 Rb8 41. Qa7 Ra8 1/2-1/2

[Event "Goiania Goias Cup"]
[Site "Goiania"]
[Date "2015.09.26"]
[Round "4"]
[White "Montufar Berrios, Lesly Viviane"]
[Black "Pereira da Silva, Evernandes"]
[Result "1/2-1/2"]
[WhiteElo "1900"]
[BlackElo "1628"]
[PlyCount "88"]
[EventDate "2015.09.25"]
[EventType "swiss"]
[EventRounds "6"]
[EventCountry "BRA"]
[SourceTitle "EXT 2016"]
[Source "ChessBase"]
[SourceDate "2015.10.08"]
[SourceVersion "1"]
[SourceVersionDate "2015.10.08"]
[SourceQuality "1"]

1. e4 e6 2. d4 d5 3. Nd2 Nf6 4. e5 Nfd7 5. f4 c5 6. c3 Nc6 7. Ndf3 Qb6 8. a3 Be7 9. b4 c4 10. Qc2 g6 11. Be2 Qc7 12. h4 h5 13. Ng5 b6 14. g4 Bxg5 15. fxg5 hxg4 16. Bxg4 Ne7 17. Ne2 Nf5 18. Bxf5 exf5 19. Nf4 Qc6 20. e6 Nf8 21. exf7+ Kxf7 22. Be3 Bd7 23. 0-0-0 Re8 24. Rde1 Re4 25. h5 gxh5 26. Rxh5 Rxh5 27. Nxh5 Qg6 28. Ng3 Rg4 29. Qf2 Nh7 30. Qf3 Nxg5 31. Qxd5+ Qe6 32. Qxe6+ Bxe6 33. Bxg5 Rxg5 34. Ne2 Rg4 35. Kd2 Bd5 36. Rg1 Rh4 37. Ke3 Kf6 38. Nf4 Be4 39. Rg8 Rh1 40. Rc8 b5 41. d5 Rd1 42. Rc6+ Ke7 43. Rc7+ Kd6 44. Rxa7 Bxd5 1/2-1/2

[Event "Goiania Goias Cup"]
[Site "Goiania"]
[Date "2015.09.25"]
[Round "2"]
[White "Lima, Wesley de Medeiros"]
[Black "Montufar Berrios, Lesly Viviane"]
[Result "0-1"]
[WhiteElo "1761"]
[BlackElo "1900"]
[PlyCount "50"]
[EventDate "2015.09.25"]
[EventType "swiss"]
[EventRounds "6"]
[EventCountry "BRA"]
[SourceTitle "EXT 2016"]
[Source "ChessBase"]
[SourceDate "2015.10.08"]
[SourceVersion "1"]
[SourceVersionDate "2015.10.08"]
[SourceQuality "1"]

1. e4 c5 2. Nf3 d6 3. c3 Nf6 4. e5 dxe5 5. Nxe5 e6 6. Bc4 Bd6 7. Nf3 0-0 8. d4 cxd4 9. cxd4 a6 10. a4 Nbd7 11. a5 b6 12. Bg5 Bb7 13. Nc3 h6 14. Bh4 bxa5 15. d5 exd5 16. Nxd5 Bxd5 17. Bxd5 Bb4+ 18. Kf1 Ra7 19. g4 Qb6 20. g5 Qb5+ 21. Kg2 Nxd5 22. Qd4 Qc5 23. Qe4 h5 24. g6 fxg6 25. Qxg6 Nf4+ 0-1

[Event "Brasilia FBX 50"]
[Site "Brasilia"]
[Date "2015.09.05"]
[Round "6"]
[White "Montufar Berrios, Lesly Viviane"]
[Black "Abrantes, Tiago Garrido"]
[Result "1/2-1/2"]
[WhiteElo "1900"]
[BlackElo "2148"]
[PlyCount "99"]
[EventDate "2015.09.05"]
[EventType "swiss"]
[EventRounds "6"]
[EventCountry "BRA"]
[SourceTitle "EXT 2016"]
[Source "ChessBase"]
[SourceDate "2015.10.08"]
[SourceVersion "1"]
[SourceVersionDate "2015.10.08"]
[SourceQuality "1"]

1. e4 g6 2. d4 Bg7 3. Nc3 d6 4. Bg5 a6 5. Qd2 b5 6. 0-0-0 Bb7 7. Bd3 Nd7 8. d5 h6 9. Be3 Ngf6 10. h3 c5 11. dxc6 Bxc6 12. f3 Qc7 13. g4 Nb6 14. Nge2 Bd7 15. Nf4 Rc8 16. Nfd5 Nfxd5 17. Nxd5 Nxd5 18. exd5 b4 19. Kb1 a5 20. Be4 Qc4 21. Bd4 Bxd4 22. Qxd4 Qxd4 23. Rxd4 0-0 24. Bd3 Rc5 25. Re1 Re8 26. Rde4 Kf8 27. Rf4 g5 28. Rd4 Bc8 29. Kc1 Bb7 30. Be4 Rec8 31. Re2 R8c7 32. Kd1 Kg7 33. Rh2 Rc4 34. Rxc4 Rxc4 35. Re2 Kf6 36. Re3 Rc5 37. Rd3 Ke5 38. Re3 Kf6 39. Rd3 Ba6 40. Rd2 Ke5 41. b3 Bb7 42. Re2 Kf4 43. Rd2 Ba6 44. Ke1 Rc3 45. Rd4 Re3+ 46. Kd1 Kg3 47. a3 bxa3 48. Ra4 Be2+ 49. Kd2 Kf2 50. Rxa3 1/2-1/2